|
|
|
|
| LEADER |
00000nam0a2200000 4500 |
| 001 |
52330 |
| 005 |
20231031041502.0 |
| 035 |
|
|
|a (RuTPU)RU\TPU\book\54837
|
| 090 |
|
|
|a 52330
|
| 100 |
|
|
|a 20030528d1970 km y0rusy50 ca
|
| 101 |
0 |
|
|a rus
|
| 102 |
|
|
|a RU
|
| 105 |
|
|
|a a z 000zy
|
| 200 |
1 |
|
|a Тороидальные трансформаторы статических преобразователей
|f А. И. Бертинов, Д. Б. Кофман
|
| 210 |
|
|
|a Москва
|c Энергия
|d 1970
|
| 215 |
|
|
|a 96 с.
|c ил.
|
| 225 |
1 |
|
|a Библиотека по автоматике
|h Вып. 414
|
| 320 |
|
|
|a Библиогр.: с. 92 (4 назв.)
|
| 610 |
1 |
|
|a тороидальные трансформаторы
|
| 610 |
1 |
|
|a статические преобразователи
|
| 610 |
1 |
|
|a трансформаторы малой мощности
|
| 610 |
1 |
|
|a расчет
|
| 675 |
|
|
|a 621.314.22
|v 3
|
| 700 |
|
1 |
|a Бертинов
|b А. И.
|g Альберт Иосифович
|
| 701 |
|
1 |
|a Кофман
|b Д. Б.
|g Давыд Борисович
|
| 801 |
|
1 |
|a RU
|b 63413507
|c 20030528
|g PSBO
|
| 801 |
|
2 |
|a RU
|b 63413507
|c 20111129
|g PSBO
|
| 942 |
|
|
|c BK
|